00331nam a2200133Ia 4500008004100000020001500041041001200056082001600068100001500084245003700099260003400136300000800170650001900178221030s9999 xx 000 0 und d a8121906814 aEnglish a105.23bSha aS. Narayan 0aIntegral Calculuscby S. Narayan bS.Chand & CoaNew Delhic2001 a350 aBE Mathematics